Taller de frutas y hortalizas

Bibliographic Details
Main Author: Paltrinieri, Gaetano
Format: Section = Libro
Language:Undetermined
Spanish
Published: México Trillas 1981
Subjects:
LEADER 00584nam a2200217Ia 4500
008 240830s9999 xx 000 0 und d
020 |a 968-24-1103-3 
040 |a CEDOC FIQ-RUSB / 664.8 T147 
041 |a spa 
082 |a 664.8 T147 
100 1 |a Paltrinieri, Gaetano 
245 1 0 |a Taller de frutas y hortalizas 
260 |a México  |b Trillas  |c 1981 
300 |a 84 p. :il 
650 7 |a TECNOLOGIA DE LOS ALIMENTOS 
650 7 |b  ALIMENTOS ENLATADOS 
650 7 |c  PROCESAMIENTO DE FRUTAS 
650 7 |d  PROCESAMIENTO DE HORTALIZAS 
942 |c BK  |2 ddc 
991 |a TEXTO 
999 |c 14144